000 00839nam a2200301 a 4500
003 AR-BaBNM
005 20251128210531.0
008 082120s2002 ||||||||||||||000 | spa||
020 _a987-96393-0-8
040 _cAR-BaBNM
100 1 _aTauber, Fernando
245 0 0 _aJunín
_breflexiones y datos para una estrategia de desarrollo
260 _aBuenos Aires
_bMunicipalidad de Junín
_c1997
300 _a519 p.
_btablas, mapas
500 _aContiene referencias bibliográficas
650 4 _aHISTORIA DE BUENOS AIRES
650 4 _aARQUITECTURA
650 4 _aURBANISMO
650 4 _aEDUCACION
650 4 _aECONOMIA
650 4 _aPRODUCCION AGRICOLA
650 4 _aMATERIAS PRIMAS
650 4 _aSERVICIOS SOCIALES
650 4 _aSERVICIOS DE SALUD
650 4 _aPOLITICA INDUSTRIAL
942 _cBK
998 _cMariana
999 _c15840
_d15840